EU Transport in Figures Statistical Pocketbook 2019
Uložené v:
| Korporativný autor: | |
|---|---|
| Médium: | Kniha |
| Jazyk: | English |
| Vydavateľské údaje: |
Luxembourg
Publications Office of the European Union
2019
|
| Edícia: | Mobility and transport
|
| Predmet: | |
| Tagy: |
Žiadne tagy, Buďte prvý, kto otaguje tento záznam!
|
MARC
| LEADER | 00000nam a2200000 4500 | ||
|---|---|---|---|
| 001 | 0259730 | ||
| 005 | 20240517072753.7 | ||
| 020 | |a 978-92-76-03842-9 | ||
| 022 | |a 1831-998X | ||
| 041 | 0 | |a eng | |
| 044 | |a LU | ||
| 245 | 1 | 0 | |a EU Transport in Figures |b Statistical Pocketbook 2019 |
| 264 | 1 | |a Luxembourg |b Publications Office of the European Union |c 2019 | |
| 300 | |a 160 s. | ||
| 490 | 1 | |a Mobility and transport | |
| 830 | 0 | |a Mobility and transport | |
| 610 | 2 | 0 | |a doprava |
| 610 | 2 | 0 | |a produkt domáci hrubý |
| 610 | 2 | 0 | |a zamestnanosť |
| 610 | 2 | 0 | |a vývoz |
| 610 | 2 | 0 | |a dovoz |
| 610 | 2 | 0 | |a doprava nákladná |
| 610 | 2 | 0 | |a doprava osobná |
| 610 | 2 | 0 | |a preprava |
| 610 | 2 | 0 | |a výkonnosť |
| 610 | 2 | 0 | |a infraštruktúra |
| 610 | 2 | 0 | |a bezpečnosť dopravy |
| 610 | 2 | 0 | |a energia |
| 610 | 2 | 0 | |a prostredie životné |
| 610 | 2 | 0 | |a emisie |
| 610 | 2 | 0 | |a Európska únia |
| 710 | 2 | |a European Commission | |